00461nam a22001577a 4500003000400000082001800004100001100022245004600033260004400079300000800123650001900131653001900150942001200169952010500181999001700286SGT a617.632bC21M aMonika aComparative Clinical evaluation of ...... aGurugram, HaryanabSGT Universityc2021 a150 aPeriodontology aPeriodontology 2ddccTH 00102ddc405171aFDbFDd2022-12-21l0o617.632 C21MpDT1356r2022-12-21 00:00:00w2022-12-21yTH c23577d23577